Normal view
MARC view
- اصول الفقه الاسلامي
Entry Topical Term
001 - CONTROL NUMBER
- control field: 42392
003 - CONTROL NUMBER IDENTIFIER
- control field: JO-AjAnu
005 - DATE AND TIME OF LATEST TRANSACTION
- control field: 20230606081032.0
008 - FIXED-LENGTH DATA ELEMENTS
- fixed length control field: 230606|| aca||aabn | a|a d
040 ## - CATALOGING SOURCE
- Original cataloging agency: JO-AjAnu
- Transcribing agency: JO-AjAnu
150 ## - HEADING--TOPICAL TERM
- Topical term or geographic name entry element: اصول الفقه الاسلامي
670 ## - SOURCE DATA FOUND
- Source citation: Work cat.: (JO-AjAnu)21716: السريري، أبي الطيب مولود, author 42391, مصادر التشريع الإسلامي وطرق إستثمارها عند الإمام الفقيه المجتهد علي بن أحمد ابن حزم الظاهري